Sportart nach Hinweis - Statistiken

Allgemein
  • Dieses Quiz wurde 3.939 mal gespielt
  • Das Durchschnittsergebnis liegt bei 18 aus 30
Antwortstatistiken
Hinweis Sportart % Korrekt
Super Bowl American Football
93%
Franz Beckenbauer Fußball
93%
Sebastian Vettel Formel 1
93%
Hole-in-One Golf
92%
Wimbledon Tennis
92%
Kraulen Schwimmen
90%
Klitschko Boxen
88%
Strike / Spare Bowling
85%
Boston Celtics Basketball
77%
Rhein-Neckar Löwen Handball
77%
Adler Mannheim Eishockey
76%
Michael van Gerwen Darts
75%
Arnold Schwarzenegger Bodybuilding
74%
En Garde Fechten
67%
Texas Hold'em Poker
67%
Jockey Pferderennen
63%
Turbine Potsdam Frauenfußball
58%
Valentino Rossi Motorradsport
56%
Sizilianische Verteidigung Schach
56%
Marcel Hirscher Ski Alpin
56%
Peloton Radsport
55%
All Blacks Rugby Union
51%
Eliud Kipchoge Leichtathletik
47%
Felix Baumgartner Base-Jumping
37%
Francesco Friedrich Bob
37%
147 Punkte Snooker
25%
Sachin Tendulkar Cricket
19%
Shuttlecock Badminton
15%
Skip Curling
14%
Alinghi Segelsport
11%
Keine übereinstimmenden Quizze gefunden
Verteilung der Resultate
Anzahl Personen mit jedem Resultat
Perzentil nach korrekt beantworteten Fragen
Ihre Resultats-Entwicklung
Sie haben dieses Quiz noch nicht gespielt